[Event "ROM-ch U16"]
[Site "Calimanesti"]
[Date "2014.04.11"]
[Round "7"]
[White "Ionita, Marius Mihai"]
[Black "Popa, Mihai Ovidiu"]
[Result "0-1"]
[WhiteElo "1001"]
[BlackElo "1616"]
[PlyCount "80"]
[EventDate "2014.04.06"]
[EventType "swiss"]
[EventRounds "9"]
[EventCountry "ROU"]
[SourceTitle "CBM 160 Extra"]
[Source "ChessBase"]
[SourceDate "2014.07.01"]
[SourceVersion "1"]
[SourceVersionDate "2014.07.01"]
[SourceQuality "1"]

1. e4 e6 2. d4 d5 3. Nc3 Bb4 4. Bd2 c5 5. a3 Bxc3 6. Bxc3 c4 7. e5 Ne7 8. Nf3 Nbc6 9. Be2 0-0 10. 0-0 b5 11. b3 Bd7 12. Rb1 Rb8 13. b4 Nc8 14. Qd2 Nb6 15. Rfd1 Na4 16. Bf1 Nxc3 17. Qxc3 a5 18. g3 axb4 19. axb4 Ra8 20. Ra1 Qb6 21. Bg2 h6 22. h4 Ra4 23. Rdb1 Rfa8 24. Kh2 Rxa1 25. Rxa1 Ra4 26. Rb1 Qa7 27. Qd2 Ra2 28. Qc3 Qa4 29. Nd2 Rxc2 30. Qe3 Qa2 31. Rd1 Nxb4 32. Nf3 Rxf2 33. Rd2 Rxd2 34. Nxd2 Qc2 35. Nf1 Nd3 36. Qf3 b4 37. Ne3 Qf2 38. Qxf2 Nxf2 39. Kg1 b3 40. Kxf2 b2 0-1